01625nam a2200145 a 4500008004100000020001800041100002500059245003300084250004900117260003600166300002200202500007100224505117300295655001101468161215t2007 ag ||||g |||| 00| h spa d a97898710935711 aShakespeare, William aOtelo /cWilliam Shakespeare a1a ed. 2a reimp.bTraducción Sergio Albano aBuenos Aires:bGradifco;c2007. a125 p.c19x12 cm. aShakespeare, W. (2007). Otelo. (1a ed.). Buenos Aires : Gráfico. aEn esta monumental obra de Shakespeare, vuelve a plantearse el problema del amor y sus terribles desenlaces, como lo ha sido en Troilo y Cresida, Antonio y Cleopatra, y Romeo y Julieta. La tragedia de Otelo responde al precepto aristotélico del "reconocimiento" y cambio de fortuna que debe existir en toda tragedia para orientar su desenlace. Sin embargo, puede decirse que esto último constituye una de los pocos acatamientos de Shakespeare a los cánones y modelos del teatro clásico, ya que el autor de Otelo ha sido un verdadero revolucionario. El drama de Otelo es el drama de la manipulación, el servilismo, la confabulación, la mentira. Yago, valiéndose de la confianza de Otelo que bien supo ganar, teje una trama amorosa que hará aparecer a Desdémona como culpable de traición. Los hechos se despliegan luego en torno a esta estrategia urdida por Yago de la cual terminará siendo su victima. La mentira e cobrará numerosas vidas hasta el momento que ésta es develada. Un pañuelo se transforma en la pieza clave que permitirá pesquisar el origen de la mentira urdida por Yago pero, una vez descubierta, será ya demasiado tarde.  aTeatro